[Event "WYCC 2018 O16"]
[Site "Halkidiki"]
[Date "2018.10.24"]
[Round "6"]
[White "Baenziger, Fabian"]
[Black "Loiacono, Leonardo"]
[Result "1/2-1/2"]
[WhiteElo "2355"]
[BlackElo "2277"]
[Annotator "NA"]
[PlyCount "61"]
[EventDate "2018.10.20"]
[EventType "swiss"]
[EventCountry "GRE"]
[SourceTitle "playchess.com"]
[Source "ChessBase"]
[SourceQuality "1"]
[TimeControl "40/5400+30:1800+30"]

1. Nf3 {[%emt 0:00:00]} d5 {[%emt 0:00:00]} 2. g3 {[%emt 0:00:00]} Bg4 {[%emt 0:00:00]} 3. Bg2 {[%emt 0:00:00]} c6 {[%emt 0:01:34]} 4. c4 {[%emt 0:00:32]} e6 {[%emt 0:02:21]} 5. cxd5 {[%emt 0:00:44]} Bxf3 {[%emt 0:01:26]} 6. Bxf3 {[%emt 0:00:06]} cxd5 {[%emt 0:00:07]} 7. O-O {[%emt 0:00:38]} Nc6 {[%emt 0:00:37]} 8. d3 {[%emt 0:00:18]} Nf6 {[%emt 0:00:43]} 9. Nc3 {[%emt 0:00:07]} Be7 {[%emt 0:01:42]} 10. Bg2 {[%emt 0:02:00] A11: English Opening: 1...c6} O-O {[%emt 0:02:29]} 11. a3 {[%emt 0:00:44]} Rc8 {[%emt 0:04:12]} 12. Bd2 {[%emt 0:01:22]} Nd7 {[%emt 0:13:11]} 13. b4 {[%emt 0:02:08] [#]} a5 $146 {[%emt 0:05:06]} ({Predecessor:} 13... Bg5 14. Bxg5 Qxg5 15. Rc1 Qf6 16. e4 dxe4 17. Nxe4 Qe7 {½-½ (75) Benjamin,J (2555)-Morovic Fernandez,I (2565) Buenos Aires 1992}) 14. Na2 {[%emt 0:13:50]} Ra8 {[%emt 0:07:38]} 15. b5 {[%emt 0:06:35]} Nd4 {[%emt 0:01:34]} 16. a4 {[%emt 0:00:20]} Nc5 {[%emt 0:03:02]} 17. Nc1 {[%emt 0:05:22]} Bf6 {[%emt 0:04:43]} 18. Ra2 {[%emt 0:00:20]} e5 {[%emt 0:00:50]} 19. e3 {[%emt 0:03:08]} Nde6 {[%emt 0:01:33]} 20. Nb3 {[%emt 0:17:01]} b6 {[%emt 0:05:15]} 21. Bc1 {[%emt 0:03:07]} Rc8 {[%emt 0:01:41]} 22. Nxc5 {[%emt 0:01:48]} Nxc5 {[%emt 0:00:09]} 23. Ba3 {[%emt 0:00:09]} d4 {[%emt 0:05:52]} 24. e4 {[%emt 0:02:42]} Be7 {[%emt 0:02:54]} 25. f4 {[%emt 0:00:38]} Nd7 {[%emt 0:00:56]} 26. Bxe7 {[%emt 0:02:23]} Qxe7 {[%emt 0:00:05]} 27. Bh3 {[%emt 0:00:22]} Rc7 {[%emt 0:02:46]} 28. Bxd7 {[%emt 0:01:38]} Rxd7 {[%emt 0:00:39] [#]} 29. Rc2 {[%emt 0:00:13]} (29. f5 $1 $16) 29... exf4 {[%emt 0:02:12]} 30. gxf4 $11 {[%emt 0:00:47]} Rc7 {[%emt 0:01:19]} 31. Rg2 {[%emt 0:01:30]} 1/2-1/2

[Event "WYCC 2018 O16"]
[Site "Halkidiki"]
[Date "2018.10.24"]
[Round "6"]
[White "Petriashvili, Nikoloz"]
[Black "Kaasen, Tor Fredrik"]
[Result "1-0"]
[WhiteElo "2343"]
[BlackElo "2388"]
[Annotator "NA"]
[PlyCount "115"]
[EventDate "2018.10.20"]
[EventType "swiss"]
[EventCountry "GRE"]
[SourceTitle "playchess.com"]
[Source "ChessBase"]
[SourceQuality "1"]
[TimeControl "40/5400+30:1800+30"]

1. d4 {[%emt 0:00:00]} Nf6 {[%emt 0:00:03]} 2. Nf3 {[%emt 0:00:00]} e6 {[%emt 0:00:07]} 3. g3 {[%emt 0:01:38]} d5 {[%emt 0:01:28]} 4. Bg2 {[%emt 0:00:11]} Be7 {[%emt 0:01:46]} 5. O-O {[%emt 0:00:09]} O-O {[%emt 0:00:15]} 6. c4 {[%emt 0:06:28]} Nbd7 {[%emt 0:01:19]} 7. Nbd2 {[%emt 0:07:11]} b6 {[%emt 0:02:19]} 8. b3 {[%emt 0:00:18]} Bb7 {[%emt 0:01:20]} 9. Bb2 {[%emt 0:00:16]} c5 {[%emt 0:03:54] LiveBook: 64 Games} 10. Rc1 {[%emt 0:00:36]} Rc8 {[%emt 0:01:17]} 11. e3 {[%emt 0:05:31]} cxd4 {[%emt 0:03:15]} 12. Nxd4 {[%emt 0:00:07]} Nc5 {[%emt 0:00:51] E17: Damenindisch (Hauptfortsetzung)} 13. Qe2 {[%emt 0:03:19]} Qd7 {[%emt 0:06:20]} 14. cxd5 {[%emt 0:06:05]} Bxd5 $146 {[%emt 0:00:47]} ({Vorgänger:} 14... Ba6 15. dxe6 fxe6 16. Nc4 e5 17. Nf3 Qd3 18. Qe1 Qf5 19. Nfxe5 Ng4 20. Nxg4 Qxg4 21. Qd1 Qg6 22. Qd5+ Kh8 23. Ne5 Qf5 24. g4 Qg5 25. f4 Qh4 26. Nf7+ Rxf7 27. Qxf7 {1-0 (27) Martirosyan,H (2131)-Visveshwar,A (1870) Al Ain 2013}) 15. Nc4 {[%emt 0:03:52]} Bxg2 {[%emt 0:03:00]} 16. Kxg2 {[%emt 0:00:02]} b5 {[%emt 0:03:18]} 17. Ne5 {[%emt 0:05:37]} Qd5+ {[%emt 0:00:44]} 18. Ndf3 {[%emt 0:00:04]} Nce4 {[%emt 0:01:05]} 19. Rfd1 {[%emt 0:02:04]} Qb7 {[%emt 0:00:18]} 20. Kg1 {[%emt 0:00:12]} b4 {[%emt 0:06:41]} 21. Nd2 {[%emt 0:07:43]} Rfd8 {[%emt 0:10:53]} 22. Rxc8 {[%emt 0:04:10]} Rxc8 {[%emt 0:03:38]} 23. Nxe4 {[%emt 0:00:31]} Qxe4 {[%emt 0:00:16]} 24. Nc4 {[%emt 0:01:27]} Qc6 {[%emt 0:04:36]} 25. Bxf6 {[%emt 0:03:04]} Bxf6 {[%emt 0:00:45]} 26. Rd6 {[%emt 0:00:10]} Qb7 {[%emt 0:02:20]} 27. Qd3 {[%emt 0:00:18]} h6 {[%emt 0:02:54]} 28. e4 {[%emt 0:01:13]} Rc7 {[%emt 0:06:14]} 29. Qe2 {[%emt 0:10:12]} Rd7 {[%emt 0:06:02]} 30. Rxd7 {[%emt 0:02:46]} Qxd7 {[%emt 0:00:05]} 31. Kg2 {[%emt 0:00:47]} Bc3 {[%emt 0:01:35]} 32. h4 {[%emt 0:00:53]} g6 {[%emt 0:04:18]} 33. h5 {[%emt 0:03:47]} g5 {[%emt 0:04:44]} 34. e5 {[%emt 0:03:18]} Qd5+ {[%emt 0:02:37]} 35. Qf3 {[%emt 0:00:21]} Bd4 {[%emt 0:01:58]} 36. Qxd5 {[%emt 0:04:43]} exd5 {[%emt 0:00:14]} 37. Nd6 {[%emt 0:00:01]} Bxe5 {[%emt 0:07:40]} 38. Nf5 {[%emt 0:00:06]} Kf8 {[%emt 0:04:46]} 39. Kf3 {[%emt 0:00:13]} Ke8 {[%emt 0:00:34]} 40. g4 {[%emt 0:00:00]} Kd7 {[%emt 0:00:00]} 41. Nxh6 {[%emt 0:00:36]} Ke6 {[%emt 0:01:02]} 42. Nf5 {[%emt 0:00:13]} Bh8 {[%emt 0:02:49]} 43. Ke3 {[%emt 0:00:43]} a6 {[%emt 0:01:15]} 44. Nd4+ {[%emt 0:00:09]} Kd6 {[%emt 0:04:12]} 45. Nf3 {[%emt 0:01:27]} Bf6 {[%emt 0:00:05]} 46. Kd3 {[%emt 0:00:03]} Ke7 {[%emt 0:01:50]} 47. Ke2 {[%emt 0:00:10]} Kf8 {[%emt 0:02:12]} 48. Ke3 {[%emt 0:00:18]} Ke8 $18 {[%emt 0:03:44]} 49. Kd3 {[%emt 0:00:13]} Ke7 {[%emt 0:00:20]} 50. h6 {[%emt 0:05:26]} Kf8 {[%emt 0:01:03]} 51. Nd4 {[%emt 0:00:02]} Be5 {[%emt 0:06:30]} 52. Nc6 {[%emt 0:04:03]} Bc3 {[%emt 0:00:34]} 53. a4 {[%emt 0:01:21]} Kg8 {[%emt 0:01:54]} 54. Nb8 {[%emt 0:00:05]} a5 {[%emt 0:00:53]} 55. Nc6 {[%emt 0:00:03]} Kh7 {[%emt 0:01:39]} 56. Nxa5 {[%emt 0:00:08]} Kxh6 {[%emt 0:01:44]} 57. Nc6 {[%emt 0:00:07]} Be1 {[%emt 0:00:39]} 58. Ke2 {[%emt 0:00:06]} 1-0

[Event "WYCC 2018 O16"]
[Site "Halkidiki"]
[Date "2018.10.24"]
[Round "6"]
[White "Guerra Rivera, Salvador"]
[Black "Juksta, Karolis"]
[Result "1/2-1/2"]
[WhiteElo "2340"]
[BlackElo "2234"]
[Annotator "NA"]
[PlyCount "119"]
[EventDate "2018.10.20"]
[EventType "swiss"]
[EventCountry "GRE"]
[SourceTitle "playchess.com"]
[Source "ChessBase"]
[SourceQuality "1"]
[TimeControl "40/5400+30:1800+30"]

1. e4 {[%emt 0:00:00]} e6 {[%emt 0:00:00]} 2. d4 {[%emt 0:00:00]} d5 {[%emt 0:00:00]} 3. Nd2 {[%emt 0:00:33]} c5 {[%emt 0:00:00]} 4. Ngf3 {[%emt 0:00:35]} Nf6 {[%emt 0:00:00]} 5. exd5 {[%emt 0:00:14]} exd5 {[%emt 0:00:05]} 6. Bb5+ {[%emt 0:00:53]} Bd7 {[%emt 0:00:09]} 7. Qe2+ {[%emt 0:00:49]} Be7 {[%emt 0:01:01]} 8. dxc5 {[%emt 0:04:28]} O-O {[%emt 0:00:24]} 9. O-O {[%emt 0:01:44]} Re8 {[%emt 0:03:47]} 10. Nb3 {[%emt 0:11:42] LiveBook: 42 Games} Bxc5 {[%emt 0:05:21]} 11. Qd3 {[%emt 0:00:10]} Bxb5 {[%emt 0:02:44]} 12. Qxb5 {[%emt 0:00:13]} Bb6 {[%emt 0:00:07]} 13. Bg5 {[%emt 0:02:23]} Nbd7 {[%emt 0:00:20]} 14. Rad1 {[%emt 0:01:54]} Qc7 {[%emt 0:01:14]} 15. c3 {[%emt 0:02:33]} Re4 {[%emt 0:15:13]} 16. Nbd4 {[%emt 0:10:26]} Rae8 {[%emt 0:01:23]} 17. Bh4 {[%emt 0:05:30]} a6 {[%emt 0:28:30]} 18. Qb3 {[%emt 0:04:40]} h6 {[%emt 0:04:53]} 19. Bg3 {[%emt 0:05:38]} Qd8 {[%emt 0:01:57]} 20. Rd2 {[%emt 0:04:16]} Nc5 {[%emt 0:04:36]} 21. Qd1 {[%emt 0:00:48]} Bc7 {[%emt 0:03:00]} 22. Nf5 {[%emt 0:03:27]} Bxg3 {[%emt 0:04:37]} 23. Nxg3 {[%emt 0:00:34]} R4e7 {[%emt 0:00:30]} 24. Nf5 {[%emt 0:01:41]} Rd7 {[%emt 0:00:09]} 25. N3d4 {[%emt 0:00:27]} Kh7 {[%emt 0:06:06]} 26. Re2 {[%emt 0:10:34]} g6 {[%emt 0:01:31]} 27. Rxe8 {[%emt 0:02:01]} Qxe8 {[%emt 0:01:49]} 28. Re1 {[%emt 0:02:56]} Qd8 {[%emt 0:00:57]} 29. Ne3 {[%emt 0:02:17]} Qb6 {[%emt 0:00:18]} 30. Qc2 {[%emt 0:07:17]} Ne6 {[%emt 0:05:02]} 31. Rd1 {[%emt 0:03:16]} Qd6 {[%emt 0:03:13]} 32. Qe2 {[%emt 0:02:42]} Ne4 {[%emt 0:02:38]} 33. f3 {[%emt 0:05:38]} Nf4 {[%emt 0:01:19]} 34. Qe1 {[%emt 0:01:04]} Ng5 {[%emt 0:00:58]} 35. h4 {[%emt 0:03:04]} Nge6 {[%emt 0:02:29]} 36. g3 {[%emt 0:00:07]} Nh5 {[%emt 0:00:11]} 37. f4 {[%emt 0:01:19]} Re7 {[%emt 0:01:02]} 38. Qf2 {[%emt 0:00:34]} Nc5 {[%emt 0:00:30]} 39. Qf3 {[%emt 0:00:22]} Ne4 {[%emt 0:00:41]} 40. Ne2 {[%emt 0:00:00]} Qb6 {[%emt 0:00:00]} 41. Rd4 {[%emt 0:07:37]} Nd2 {[%emt 0:11:04]} 42. Qf2 {[%emt 0:05:36]} Qxb2 {[%emt 0:03:02]} 43. Nxd5 {[%emt 0:05:34]} Nf3+ {[%emt 0:04:30]} 44. Qxf3 {[%emt 0:00:07]} Rxe2 {[%emt 0:01:09]} 45. Rd1 {[%emt 0:00:06]} Qc2 {[%emt 0:04:10]} 46. Rf1 {[%emt 0:01:04]} Qd2 {[%emt 0:02:16]} 47. g4 {[%emt 0:06:18]} Ng3 {[%emt 0:02:33]} 48. Nf6+ $17 {[%emt 0:01:33]} Kg7 {[%emt 0:00:12]} 49. Qxg3 {[%emt 0:01:01]} Kxf6 {[%emt 0:00:01]} 50. g5+ {[%emt 0:00:17]} Kg7 {[%emt 0:05:00]} 51. f5 {[%emt 0:02:26]} hxg5 {[%emt 0:01:17]} 52. f6+ {[%emt 0:01:13]} Kh7 {[%emt 0:00:06]} 53. hxg5 {[%emt 0:00:07]} Qe3+ {[%emt 0:01:09]} 54. Qxe3 {[%emt 0:00:03]} Rxe3 {[%emt 0:00:06]} 55. Rd1 {[%emt 0:00:02]} Rxc3 {[%emt 0:01:14]} 56. Rd7 {[%emt 0:00:09]} Kg8 {[%emt 0:00:31]} 57. Rd8+ {[%emt 0:00:15]} Kh7 {[%emt 0:00:01]} 58. Rd7 {[%emt 0:00:04]} Kg8 {[%emt 0:00:07]} 59. Rd8+ {[%emt 0:00:04]} Kh7 {[%emt 0:00:04]} 60. Rd7 {[%emt 0:00:03]} 1/2-1/2

[Event "WYCC 2018 O16"]
[Site "Halkidiki"]
[Date "2018.10.24"]
[Round "6"]
[White "Olsen, Filip Boe"]
[Black "Gabizon, Eyal"]
[Result "1-0"]
[WhiteElo "2335"]
[BlackElo "2205"]
[Annotator "NA"]
[PlyCount "67"]
[EventDate "2018.10.20"]
[EventType "swiss"]
[EventCountry "GRE"]
[SourceTitle "playchess.com"]
[Source "ChessBase"]
[SourceQuality "1"]
[TimeControl "40/5400+30:1800+30"]

1. d4 {[%emt 0:00:00]} Nf6 {[%emt 0:00:00]} 2. c4 {[%emt 0:00:00]} g6 {[%emt 0:00:00]} 3. Nc3 {[%emt 0:00:00]} Bg7 {[%emt 0:00:00]} 4. e4 {[%emt 0:00:01]} d6 {[%emt 0:00:00]} 5. h3 {[%emt 0:00:12]} O-O {[%emt 0:00:00]} 6. Be3 {[%emt 0:00:07] LiveBook: 788 Games} e5 {[%emt 0:00:34]} 7. d5 {[%emt 0:00:18]} a5 {[%emt 0:01:24]} 8. g4 {[%emt 0:00:31] E71: King's Indian: 4 e4 d6 5 h3} Na6 {[%emt 0:02:34]} 9. Nge2 {[%emt 0:00:15]} Nd7 {[%emt 0:01:36]} (9... c6 10. Ng3 Nc5 11. g5 Nfd7 12. h4 cxd5 13. Nxd5 Nb6 14. Nc3 Be6 15. b3 a4 {1-0 (36) Ding,L (2777)-Amonatov,F (2636) Riadh 2017}) 10. Qd2 {[%emt 0:02:33]} Nac5 {[%emt 0:03:33]} 11. Ng3 {[%emt 0:02:08]} Nb6 $146 {[%emt 0:06:11]} ({Predecessor:} 11... Qe7 12. Nb5 Nf6 13. Bg2 Rd8 14. O-O-O Ne8 15. g5 {½-½ (40) Kijatkin,A-Paushkin,N Bor 2000}) 12. Be2 {[%emt 0:03:10]} f5 {[%emt 0:04:09]} (12... c6 $16 {might work better.}) 13. gxf5 {[%emt 0:00:41]} gxf5 {[%emt 0:00:06]} 14. Nxf5 {[%emt 0:02:13]} Nxe4 {[%emt 0:09:07]} 15. Nxe4 {[%emt 0:00:46]} Bxf5 {[%emt 0:00:13]} 16. Ng3 {[%emt 0:00:20]} Qh4 {[%emt 0:12:59]} 17. Rc1 {[%emt 0:21:45]} Bg6 $14 {[%emt 0:19:50]} 18. Bg4 {[%emt 0:05:06]} h6 {[%emt 0:02:28]} 19. c5 {[%emt 0:09:50]} dxc5 {[%emt 0:07:07]} 20. Rxc5 {[%emt 0:02:02]} Qe7 {[%emt 0:06:54]} 21. Qc1 {[%emt 0:01:27]} Qd6 {[%emt 0:02:18]} 22. Be6+ {[%emt 0:01:47]} Kh7 {[%emt 0:02:06]} 23. h4 {[%emt 0:12:41]} c6 {[%emt 0:07:59]} 24. h5 {[%emt 0:01:01]} Bd3 {[%emt 0:00:28]} 25. Qd2 {[%emt 0:02:06]} Bb1 {[%emt 0:02:06]} 26. Qd1 {[%emt 0:01:30]} Bxa2 {[%emt 0:00:34]} 27. Nf5 {[%emt 0:00:42]} Qd8 {[%emt 0:02:40]} 28. Rg1 {[%emt 0:05:22]} Rxf5 {[%emt 0:00:51]} 29. Bxf5+ {[%emt 0:00:05]} Kh8 {[%emt 0:00:04]} 30. Qg4 {[%emt 0:00:40]} Qf6 {[%emt 0:01:03]} 31. dxc6 {[%emt 0:00:29]} bxc6 {[%emt 0:00:48]} 32. Rxc6 {[%emt 0:00:21]} Qf8 {[%emt 0:00:31]} 33. Rxb6 {[%emt 0:00:30]} Bg8 {[%emt 0:00:49]} 34. Bxh6 {[%emt 0:00:48]} 1-0

[Event "WYCC 2018 O16"]
[Site "Halkidiki"]
[Date "2018.10.24"]
[Round "6"]
[White "Zhalmakhanov, Ramazan"]
[Black "Wang, Yanbin"]
[Result "1-0"]
[WhiteElo "2316"]
[BlackElo "2220"]
[Annotator "NA"]
[PlyCount "101"]
[EventDate "2018.10.20"]
[EventType "swiss"]
[EventCountry "GRE"]
[SourceTitle "playchess.com"]
[Source "ChessBase"]
[SourceQuality "1"]
[TimeControl "40/5400+30:1800+30"]

1. e4 {[%emt 0:00:00]} c5 {[%emt 0:00:00]} 2. Nf3 {[%emt 0:00:00]} Nc6 {[%emt 0:00:05]} 3. d4 {[%emt 0:00:20]} cxd4 {[%emt 0:00:04]} 4. Nxd4 {[%emt 0:00:10]} Nf6 {[%emt 0:01:01]} 5. Nc3 {[%emt 0:00:09]} d6 {[%emt 0:00:05]} 6. Bg5 {[%emt 0:00:26]} Bd7 {[%emt 0:00:42]} 7. Qd2 {[%emt 0:00:27]} Nxd4 {[%emt 0:04:47]} 8. Qxd4 {[%emt 0:00:10]} Qa5 {[%emt 0:00:32]} 9. Bd2 {[%emt 0:03:45]} Qc7 {[%emt 0:03:32] B61: Sizilianisch (Richter/Rauser-Angriff)} (9... e5 10. Qc4 Qb6 11. Be3 Qc6 12. Qb3 a6 13. Bc4 Be6 14. Bxe6 fxe6 15. Qxe6+ Be7 16. O-O-O Qd7 17. Qb3 {1-0 (50) Almasi,Z (2726)-El Gindy,E (2510) Khanty-Mansiysk 2011}) 10. f3 {[%emt 0:06:59]} a6 {[%emt 0:03:06]} 11. O-O-O $146 {[%emt 0:11:20]} ({Vorgänger:} 11. g4 e5 12. Qc4 Qxc4 13. Bxc4 Rc8 14. Bb3 Be6 15. O-O-O Be7 16. Kb1 Nd7 17. h4 {0-1 (50) Orak,L (2338)-Bylino,O (2186) Pula 2001}) 11... Rc8 {[%emt 0:03:44]} 12. g4 {[%emt 0:09:30]} e5 {[%emt 0:00:48]} 13. Qf2 {[%emt 0:02:14]} h6 {[%emt 0:10:05]} 14. Be3 {[%emt 0:01:53]} Be6 {[%emt 0:00:27]} 15. Kb1 {[%emt 0:01:41]} Be7 {[%emt 0:04:46]} 16. Nd5 {[%emt 0:08:06]} Bxd5 {[%emt 0:01:16]} 17. exd5 {[%emt 0:00:06]} Nd7 {[%emt 0:00:41]} 18. h4 {[%emt 0:03:10]} Bf6 {[%emt 0:07:54]} 19. Bd3 {[%emt 0:04:46]} g6 {[%emt 0:03:40]} 20. h5 {[%emt 0:11:50]} g5 {[%emt 0:00:32]} 21. Bf5 {[%emt 0:00:07]} b5 {[%emt 0:05:53]} 22. Rd3 {[%emt 0:07:33]} Qb7 {[%emt 0:00:17]} 23. Qd2 {[%emt 0:01:08]} Rc7 {[%emt 0:03:33]} 24. Rc3 {[%emt 0:02:20]} Nb6 {[%emt 0:06:26]} 25. Rxc7 {[%emt 0:03:33]} Qxc7 {[%emt 0:00:03]} 26. b3 {[%emt 0:01:59]} O-O {[%emt 0:03:05]} 27. Rd1 {[%emt 0:00:31]} Rb8 {[%emt 0:04:08]} 28. Qa5 {[%emt 0:02:20]} Qb7 {[%emt 0:01:11]} 29. Be4 {[%emt 0:05:28]} Bd8 {[%emt 0:07:43]} 30. Qb4 {[%emt 0:00:11]} Bc7 {[%emt 0:08:50]} 31. Qc3 {[%emt 0:02:48]} Nc8 {[%emt 0:02:48]} 32. f4 {[%emt 0:02:10]} b4 {[%emt 0:04:25]} 33. Qb2 {[%emt 0:00:01]} Bb6 {[%emt 0:00:49]} 34. Bxb6 {[%emt 0:01:04]} Qxb6 {[%emt 0:00:04]} 35. fxe5 {[%emt 0:01:10]} Qe3 {[%emt 0:00:28]} 36. Bf5 {[%emt 0:00:24]} Qe2 {[%emt 0:02:01]} 37. Qc1 {[%emt 0:01:26]} dxe5 {[%emt 0:04:42]} 38. d6 {[%emt 0:00:18]} Na7 {[%emt 0:02:07]} 39. d7 {[%emt 0:00:36]} Rd8 {[%emt 0:00:24]} 40. Rd2 {[%emt 0:00:00]} Qf3 {[%emt 0:00:00]} 41. Rd3 {[%emt 0:05:21]} Qf4 {[%emt 0:12:08]} 42. Qg1 {[%emt 0:03:29]} Nc6 {[%emt 0:09:37]} 43. Qb6 {[%emt 0:04:07]} e4 {[%emt 0:00:14]} 44. Rd1 {[%emt 0:01:23]} Qf3 {[%emt 0:07:53]} 45. Re1 {[%emt 0:00:32]} Qc3 {[%emt 0:00:35]} 46. Rxe4 {[%emt 0:01:54]} a5 {[%emt 0:02:21]} 47. Qc7 {[%emt 0:02:13]} a4 {[%emt 0:00:28]} 48. bxa4 {[%emt 0:01:23]} Kg7 {[%emt 0:00:24]} 49. Qd6 $18 {[%emt 0:00:31]} Qf6 {[%emt 0:02:56]} 50. Qxf6+ {[%emt 0:00:41]} Kxf6 {[%emt 0:00:02]} 51. Re8 {[%emt 0:00:07]} 1-0

[Event "WYCC 2018 O16"]
[Site "Halkidiki"]
[Date "2018.10.24"]
[Round "6"]
[White "Katopodis, Dimitrios"]
[Black "Carlsson, Ludvig"]
[Result "1/2-1/2"]
[WhiteElo "2310"]
[BlackElo "2058"]
[Annotator "NA"]
[PlyCount "67"]
[EventDate "2018.10.20"]
[EventType "swiss"]
[EventCountry "GRE"]
[SourceTitle "playchess.com"]
[Source "ChessBase"]
[SourceQuality "1"]
[TimeControl "40/5400+30:1800+30"]

1. d4 {[%emt 0:00:00]} g6 {[%emt 0:00:00]} 2. e4 {[%emt 0:00:00]} Bg7 {[%emt 0:00:45]} 3. c4 {[%emt 0:01:25]} c5 {[%emt 0:00:59]} 4. d5 {[%emt 0:00:40]} d6 {[%emt 0:00:14]} 5. Nc3 {[%emt 0:00:43]} Nf6 {[%emt 0:01:03]} 6. h3 {[%emt 0:02:50]} e6 {[%emt 0:00:32]} 7. Be3 {[%emt 0:04:16]} O-O {[%emt 0:02:09]} 8. Nf3 {[%emt 0:03:41]} exd5 {[%emt 0:08:03]} 9. exd5 {[%emt 0:01:22]} Re8 {[%emt 0:06:16]} 10. Bd3 {[%emt 0:00:40]} Rxe3+ {[%emt 0:01:21] E90: King's Indian: Classical: Early deviations and 6 h3} 11. fxe3 {[%emt 0:00:11]} Qe7 {[%emt 0:00:05]} 12. Qe2 {[%emt 0:05:36]} (12. O-O Nbd7 13. Qe2 b6 14. Bc2 Nh5 15. Rfe1 Ne5 16. g4 Nxf3+ 17. Qxf3 Nf6 18. Ba4 {1-0 (57) Navara,D (2737)-Morozevich,A (2675) Biel 2017}) 12... Nh5 {[%emt 0:10:09] LiveBook: 3 Games} (12... Nbd7 $142) 13. Qf2 {[%emt 0:08:19]} Nd7 {[%emt 0:03:33]} 14. O-O {[%emt 0:02:22]} Ne5 {[%emt 0:00:28]} 15. Be2 {[%emt 0:04:17] [#]} Nf6 $146 {[%emt 0:02:30]} ({Predecessor:} 15... Nxf3+ 16. Bxf3 Nf6 17. Qh4 Nxd5 18. Qxe7 Nxe7 19. Rad1 Be5 20. Nd5 {½-½ (20) Babula,V (2545)-Indjic,A (2576) Hungary 2016}) 16. Nxe5 {[%emt 0:00:41]} Qxe5 {[%emt 0:00:14]} 17. Qf4 {[%emt 0:00:54]} Qe7 {[%emt 0:00:36]} 18. Rae1 {[%emt 0:06:57]} Nd7 {[%emt 0:05:27]} 19. Ne4 {[%emt 0:06:00]} Be5 {[%emt 0:05:56]} 20. Qf2 {[%emt 0:04:25]} f5 {[%emt 0:05:37]} 21. Nc3 {[%emt 0:01:08]} h5 {[%emt 0:06:13]} 22. g4 {[%emt 0:03:18]} h4 {[%emt 0:01:11]} 23. gxf5 {[%emt 0:03:10]} Bg3 {[%emt 0:00:20]} 24. Qg2 {[%emt 0:03:23]} Qxe3+ {[%emt 0:01:21]} 25. Kh1 {[%emt 0:00:32]} Ne5 {[%emt 0:01:25]} 26. Qe4 {[%emt 0:13:14]} Qg5 {[%emt 0:04:52]} 27. Bg4 {[%emt 0:01:33]} gxf5 {[%emt 0:14:24]} 28. Bxf5 {[%emt 0:00:32]} Bxe1 {[%emt 0:00:16]} 29. Qxe1 {[%emt 0:04:06]} Bxf5 {[%emt 0:00:07]} 30. Rg1 {[%emt 0:00:27]} Bg4 {[%emt 0:00:39]} 31. Ne4 {[%emt 0:04:19]} Qf4 {[%emt 0:01:37]} 32. Nf2 {[%emt 0:04:15]} Qxc4 {[%emt 0:02:53]} 33. Nxg4 {[%emt 0:02:20]} Qxd5+ {[%emt 0:00:44]} 34. Rg2 $15 {[%emt 0:00:16]} 1/2-1/2

[Event "WYCC 2018 O16"]
[Site "Halkidiki"]
[Date "2018.10.24"]
[Round "6"]
[White "Milosevic, Milos"]
[Black "Vlachos, Anatole"]
[Result "1-0"]
[WhiteElo "2306"]
[BlackElo "2435"]
[Annotator "TA"]
[PlyCount "123"]
[EventDate "2018.10.20"]
[EventType "swiss"]
[EventCountry "GRE"]
[SourceTitle "playchess.com"]
[Source "ChessBase"]
[SourceQuality "1"]

{[%evp 13,123,49,41,-10,33,0,52,58,144,140,137,96,94,95,156,165,324,337,347,190,197,206,197,200,197,197,194,157,160,125,159,96,96,96,96,97,97,108,116,105,88,57,30,40,544,514,581,301,305,308,300,278,280,262,580,556,670,569,702,699,607,569,569,568,747,735,747,541,733,694,683,494,483,482,550,522,518,522,495,506,646,603,966,960,884,884,1000,820,777,763,877,877,842,575,954,908,808,765,1102,772,1529,1529,1498,1494,1485,1094,2202,1922,5598,5387,5281,2773]} 1. e4 e6 2. d4 d5 3. Nc3 Nf6 4. e5 Ne4 5. Nxe4 dxe4 6. Be3 c5 7. dxc5 Nd7 {LiveBook: 45 Partien} 8. Qd2 {C11: Französische Verteidigung} ({Günstiger ist} 8. Qg4 $14) (8. a3 Bxc5 9. Bxc5 Nxc5 10. Qxd8+ Kxd8 11. f4 exf3 12. Nxf3 Ke7 13. b4 Nd7 14. Bd3 h6 15. O-O-O a5 {1-0 (42) Pridorozhni,A (2574)-Derjabin,I (2345) Sochi 2018}) 8... Qc7 9. O-O-O $146 ({Vorgänger:} 9. Qc3 Bxc5 10. Ne2 Qb6 11. Bxc5 Qxc5 12. Qxc5 Nxc5 13. Nc3 Ke7 14. O-O-O Nd7 15. Nxe4 Nxe5 {½-½ (64) Tari,A (2450)-Abhijith,M (2126) Pune 2014}) 9... a6 (9... Bxc5 $11 10. Bxc5 (10. Bb5 Bxe3 11. fxe3 a6 $11) 10... Qxc5) 10. f4 $14 {Weiß steht etwas besser.} Nxc5 (10... exf3 $14 11. Nxf3 Bxc5) 11. Qc3 $1 $16 Qc6 12. Ne2 Bd7 13. Nd4 $36 {[%mdl 2048] Läuft bei Weiss.} Qa4 (13... Qb6 $142) 14. Kb1 $1 (14. b4 Nd3+ 15. Bxd3 exd3 $11) 14... Rc8 $2 (14... Nd3) 15. Qe1 $18 a5 16. a3 (16. c3 $142) 16... Be7 17. Bc1 Nd3 18. Bxd3 ({Keinesfalls} 18. cxd3 $6 Qxd4 19. dxe4 Qa4 $14) ({Schwächer ist} 18. Qxe4 Nxc1 19. Kxc1 (19. Rxc1 Bc6 $11) (19. Qxb7 O-O $11) 19... Bc6 $14) 18... exd3 19. Rxd3 {Schwarz muss nun b3 beachten.} Qc4 20. Qd2 O-O 21. g4 Qc7 22. f5 (22. Re1 $142) 22... exf5 $16 23. gxf5 {Droht f6! und aus.} Qxe5 24. Re1 Qf6 25. b3 Rfe8 26. Bb2 Qg5 27. Qf2 {Und Tg1 würde nun gewinnen.} Bf6 $1 28. Rg1 Qh5 $2 {[%mdl 8192]} (28... Qh6 $14) 29. Rdg3 $18 Kh8 30. Qg2 Bxf5 31. Nxf5 Qxf5 {[#]} 32. Rf3 $1 {[%cal Rf3f5]} (32. Rxg7 Bxb2 33. Kxb2 a4 $14) 32... Qg6 {[#]} 33. Rxf6 $1 {[%mdl 512]} gxf6 $2 (33... Re1+ {leistet mehr Widerstand.} 34. Ka2 gxf6 35. Qxg6 fxg6 36. Rxe1 (36. Bxf6+ Kg8 $18) 36... Rxc2 37. Re8+ Kg7 38. Re7+ Kh6 39. Rxb7 Rxh2) 34. Qf2 {Weiß steht klar auf Gewinn.} Qxg1+ 35. Qxg1 {[%cal Rb2f6]} Re6 36. Qg5 Rcc6 37. h4 Re1+ 38. Ka2 Rf1 39. Qg2 Rf5 40. Qe2 h5 41. Qd2 Kg7 42. Qd3 Rf4 43. Qd5 {zielt auf Dg5+ ab.} Rf2 44. Qg5+ Kf8 45. Qh6+ Kg8 46. Kb1 Re6 {und die Idee ...Te1+ ließe Schwarz weiter hoffen.} 47. Bc3 a4 {beabsichtigt ...axb3.} 48. Bb4 Re8 49. bxa4 Rc8 50. Qc1 {Und weiter mit Dg1+ wäre nett.} Rg2 51. Kb2 Kg7 52. Bc3 Rc6 53. Qe1 Rb6+ 54. Bb4 Re6 55. Qd1 Ree2 56. Qd3 Ref2 57. a5 {[%cal Ba4a5,Ba5a6][%mdl 32]} Re2 58. Qf5 Ref2 59. Qc8 Kh7 60. Kb3 Rg4 61. Qxb7 Kg7 62. a6 {Precision: Weiß = 72%, Schwarz = 36%.} 1-0